000 00535nam a2200181Ia 4500
999 _c11538
_d11538
003 OSt
005 20200227135512.0
008 190216s9999||||xx |||||||||||||| ||und||
020 _a9788183877398
040 _coclc
082 _a305.420954
_bHAS/W
100 _aHaseena, V A
_92017
245 0 _aWomen Awakening To The Epitome Of Power /
_cV A Haseena
250 _a1st ed.
260 _bSerials Publications,
_c2016.
_aNew Delhi:
300 _a504p
942 _cBK
_2ddc
_h305.420954
_iHAS/W
_k305.420954
_mHAS/W